Customer service for dummies.
| Main Author: | |
|---|---|
| Format: | Book |
| Published: |
Hungry Minds Inc ,
2000
|
| Edition: | 2nd ed. |
| Subjects: |
MARC
| LEADER | 00000cam a2200000 7i4500 | ||
|---|---|---|---|
| 001 | 0000010033 | ||
| 005 | 20050419.0 | ||
| 020 | |a 0764552090 | ||
| 040 | |a INS | ||
| 090 | 0 | 0 | |a HF5415.5 |b L45 2000 |
| 100 | 1 | |a Leland, Karen | |
| 245 | 1 | 0 | |a Customer service for dummies. |c Karen Leland |
| 250 | |a 2nd ed. | ||
| 260 | |a Hungry Minds Inc , |c 2000 | ||
| 300 | |a 433pp ; |c 235x189mm. | ||
| 650 | 0 | 0 | |a Customer, Research & Profesional |
| 999 | |a 0000008623 |b BOOK |c Open Shelf |e Default branch | ||